| 000 | 00461 a2200181 4500 | ||
|---|---|---|---|
| 001 | 066161 | ||
| 003 | OSt | ||
| 005 | 20210915143632.0 | ||
| 008 | |||
| 082 |
_a512 _bW12A |
||
| 100 | 1 | _aWaerden, B.L. Vander | |
| 245 | 1 |
_aAlgebra _cby B.L. Vander Waerden |
|
| 260 |
_aNew York _bSpringer _c2008 |
||
| 300 | _a2v. (v.1:265; v.2:284p.) | ||
| 500 | _a447 v.1; 452 v.2 | ||
| 690 | _aAlgebra, Abstract; Algebra | ||
| 942 |
_2ddc _cBK |
||
| 999 |
_c343 _d343 |
||